Albums by Cover Art - Chicago Artists - Statistics

General Stats
  • This quiz has been taken 110 times
  • The average score is 10 of 28
Answer Stats
Picture Hint Answer % Correct
Gary Michael Jackson - Off The Wall
92%
South Shore Kanye West - Late Registration
88%
Gary Janet Jackson - The Velvet Rope
78%
Chicago Juice WRLD - Legends Never Die
69%
Chicago The Smashing Pumpkins - Siamese Dream
68%
Chicago Chicago - Chicago Transit Authority
59%
Chicago Chance the Rapper - Acid Rap
50%
Chicago Wilco - Yankee Hotel Foxtrot
49%
Wilmette Fall Out Boy - From Under the Cork Tree
41%
Chicago Disturbed - The Sickness
39%
Chicago Survivor - Eye of the Tiger
38%
Hyde Park Common - Be
37%
Chicago Sam Cooke - A Change is Gonna Come
34%
Chicago Curtis Mayfield - Curtis
33%
Chicago Chief Keef - Finally Rich
31%
Chicago Lupe Fiasco - Lupe Fiasco's Food & Liquor
28%
Chicago Earth Wind & Fire - I Am
27%
Chicago Herbie Hancock - Head Hunters
27%
Chicago Muddy Waters - Hard Again
24%
Lombard Plain White T's - All That We Needed
24%
Chicago Chaka Khan - What 'Cha Doing to Me
22%
Evanston Big Black - Atomizer
20%
Chicago Richard Marx - Repeat Offender
17%
Chicago Lil Durk - Almost Healed
14%
Chicago Styx - The Grand Illusion
14%
Chicago Rise Against - Appeal to Reason
12%
Orland Park Buddy Guy - Damn Right, I've Got the Blues
11%
Chicago Frankie Knuckles - Beyond the Mix
6%
No matching quizzes found
Score Distribution
Percent of People with Each Score
Percentile by Number Answered
Your Score History
You have not taken this quiz